000 01004nam a2200301Ia 4500
001 F1381
003 IT-RoPAU
008 130308s9999 xx 000 0 und d
040 _aIT-RoPAU
040 _cIT-RoPAU
041 _aTEDESCO
100 _aSchulze Erich
100 _gCodice Aut. SPICS: 50462
245 _aUrheberrecht in der Musik (5)
245 _bUrheberrecht in Der Musik (5)
250 _a5a ed.
260 _aBERLIN
260 _bWalter De Gruyter & Co
260 _c1981 [1° Ed.:1951 - Ed.Ling.Originale:1951]
300 _a"544 p. (prefazione: no ; testo: 544)"
500 _aDiritto d'autore in Musica. Quinta Edizione Aggiornata. Storia di Privilegi, Mecenatismi. Diritto in Germania. convenzioni della Proprietà Intellettuale. profilo del Diritto D'Autore. Abc delle nozioni del Diritto d'autore in Musica. Appendici Varie.
650 _aTEORICHE MUSICALI
650 _eCodice materia Spics: 7005
942 _cBK
957 _71
999 _c73722
_d73722
999 _bSI
999 _g1